000 00440 a2200169 4500
999 _c29776
_d29776
003 NUST
005 20180118123743.0
008 180118b xxu||||| |||| 00| 0 eng d
020 _a0070552215
020 _a9780070552210
082 _a519.4
100 1 _aScheid, Francis.
_98741
245 1 0 _aSchaum's outline of numerical analysis /
_cFrancis Scheid.
250 _a2nd ed.
260 _a[S.l.] :
_bMcGraw-Hill,
_c1989.
300 _a471 p. ;
_c28 cm.
700 _aScheid, Francis.
_98741
942 _aSNS
_cBK
_k519.4 SCH
_2ddc